Computer aided design and Manufacturing /

Enregistré dans:
Détails bibliographiques
Auteurs principaux: Bi, Zhuming (Auteur), Wang, Xiaoqing (Auteur)
Format: Livre
Langue:anglais
Publié: Hoboken Wiley 2020
Collection:Wiley-ASME Press Series
Sujets:
CAD
Tags: Ajouter un tag
Pas de tags, Soyez le premier à ajouter un tag!

MARC

LEADER 00000nam a22000003a 4500
001 0091369
003 SK-STU
005 20211108095503.9
007 ta
008 211108s ----xo-----e------000-0-----d
020 |a 978-1-119-53421-1 
040 |a STU  |b slo 
041 0 |a eng 
044 |a xxu 
100 1 |a Bi, Zhuming  |4 aut 
245 1 0 |a Computer aided design and Manufacturing /  |c aut. Zhuming Bi, Xiaoqing Wang 
260 |a Hoboken  |b Wiley  |c 2020 
300 |a 617 s. 
490 0 |a Wiley-ASME Press Series 
650 0 7 |a CAD 
700 1 |a Wang, Xiaoqing  |4 aut 
996 |b 284M088884  |c M* 14532-1  |l MMST  |s A  |a 24  |w 0091369_0001